О применении эмали в качестве межслоевой изоляции в магнитных сердечниках из ленточной электротехнической стали; Вопросы радиоэлектроники. Научно-технический сборник. Серия 3. Радиодетали и узлы; Вып. 3

Bibliographische Detailangaben
Parent link:Вопросы радиоэлектроники. Научно-технический сборник. Серия 3. Радиодетали и узлы
Вып. 3.— 1960.— С. 48-53
1. Verfasser: Воробьев Н. И.
Sprache:Russisch
Veröffentlicht: 1960
Schlagworte:
Format: MixedMaterials Buchkapitel
KOHA link:https://koha.lib.tpu.ru/cgi-bin/koha/opac-detail.pl?biblionumber=592555

MARC

LEADER 00000naa0a2200000 4500
001 592555
005 20250108181411.0
035 |a (RuTPU)RU\TPU\tpu\4789 
090 |a 592555 
100 |a 20011210d1960 k||y0rusy50 ca 
101 0 |a rus 
102 |a RU 
200 1 |a О применении эмали в качестве межслоевой изоляции в магнитных сердечниках из ленточной электротехнической стали  |f Н. И. Воробьев 
461 |t Вопросы радиоэлектроники. Научно-технический сборник. Серия 3. Радиодетали и узлы 
463 |t Вып. 3  |v С. 48-53  |d 1960 
610 1 |a радиоэлектроника 
610 1 |a труды учёных ТПУ 
700 1 |a Воробьев  |b Н. И. 
801 0 |a RU  |b 63413507  |c 20011210  |g PSBO 
801 2 |a RU  |b 63413507  |c 20080128  |g PSBO 
942 |c CR